<?xml version="1.0" encoding="UTF-8"?>
<record
    xmlns:xsi="http://www.w3.org/2001/XMLSchema-instance"
    xsi:schemaLocation="http://www.loc.gov/MARC21/slim http://www.loc.gov/standards/marcxml/schema/MARC21slim.xsd"
    xmlns="http://www.loc.gov/MARC21/slim">

  <leader>     nam a22     7a 4500</leader>
  <datafield tag="999" ind1=" " ind2=" ">
    <subfield code="c">30159</subfield>
    <subfield code="d">30159</subfield>
  </datafield>
  <controlfield tag="008">190319b        xxu||||| |||| 00| 0 eng d</controlfield>
  <datafield tag="050" ind1=" " ind2=" ">
    <subfield code="a">LB 1139.23 .M84 2018</subfield>
  </datafield>
  <datafield tag="100" ind1=" " ind2=" ">
    <subfield code="a">Muema Mbula Mary.</subfield>
  </datafield>
  <datafield tag="245" ind1=" " ind2=" ">
    <subfield code="a">Play determinants influencing acquisition of numeracy skills:</subfield>
    <subfield code="b">among early childhood learners in ECDE centres/</subfield>
    <subfield code="c">Mary Mbula Muema. </subfield>
  </datafield>
  <datafield tag="260" ind1=" " ind2=" ">
    <subfield code="a">Kenya :</subfield>
    <subfield code="b">Mary Mbula Muema,</subfield>
    <subfield code="c">2018.</subfield>
  </datafield>
  <datafield tag="300" ind1=" " ind2=" ">
    <subfield code="a">xii, 95p, :</subfield>
    <subfield code="b">ill, ;</subfield>
    <subfield code="c">30cm.</subfield>
  </datafield>
  <datafield tag="650" ind1=" " ind2=" ">
    <subfield code="a">play determinants influencing acquisition of numerancyskills </subfield>
    <subfield code="v">among early childhood learners </subfield>
    <subfield code="x">in ECDE centers in in kathiani sub-county machakos county.</subfield>
  </datafield>
  <datafield tag="942" ind1=" " ind2=" ">
    <subfield code="2">lcc</subfield>
    <subfield code="c">T &amp; D</subfield>
    <subfield code="h">LB 1139.23 .M84 2018</subfield>
  </datafield>
  <datafield tag="952" ind1=" " ind2=" ">
    <subfield code="0">0</subfield>
    <subfield code="1">0</subfield>
    <subfield code="2">lcc</subfield>
    <subfield code="4">0</subfield>
    <subfield code="7">0</subfield>
    <subfield code="a">MUC</subfield>
    <subfield code="b">MUC</subfield>
    <subfield code="c">AFR</subfield>
    <subfield code="d">2019-03-19</subfield>
    <subfield code="l">0</subfield>
    <subfield code="o">LB 1139.23 .M84 2018</subfield>
    <subfield code="p">TD 50</subfield>
    <subfield code="r">2019-03-19</subfield>
    <subfield code="w">2019-03-19</subfield>
    <subfield code="y">T &amp; D</subfield>
  </datafield>
</record>
